00217nam a2200097Ia 4500008004100000100002500041245002000066260000900086942000700095999001700102190216s9999||||xx |||||||||||||| ||und|| aMoloor Krishnankutty 0aEllam Eesamayam bNull cBK c27303d27303